| 000 | nam a22 a 4500 | ||
|---|---|---|---|
| 999 |
_c1382 _d1382 |
||
| 005 | 20170509122856.0 | ||
| 008 | 170509s1995 enk || 000 ||eng d | ||
| 020 | _a0803945833 | ||
| 040 | _aAKMAL | ||
| 082 | _a300.723 FOW | ||
| 090 |
_a300.723 _bFOW |
||
| 100 | 1 |
_a Fowler, Floyd J _92723 |
|
| 245 | 1 | 0 |
_aImproving survey questions _bdesign and evaluation _c Floyd J. Fowler. |
| 260 |
_bSage _c1995. |
||
| 300 |
_a[200]p. _c23 cm |
||
| 852 | 4 | 1 |
_aBritish Library _bHMNTS |
| 942 |
_2ddc _cBOOK |
||